Moralia. tomo 9 /

Guardado en:
Autor Principal: Plutarco
Formato: Libro
Publicado: London : W. Heinemann ; Cambridge [massachusetts] : Harvard University Press, 1961
Materias:
Etiquetas: Agregar Etiqueta
Sin Etiquetas, Sea el primero en etiquetar este registro!
LEADER 00610nam a22001815a 4500
001 EHU.bham011663
003 AR-BHAM
005 20071204175830.0
008 130507s1961##################000#0#####d
082 8 8 |a 888 
100 1 |a Plutarco 
245 1 0 |a Moralia. tomo 9 /  |c Plutarco 
260 |a London :  |b W. Heinemann ; Cambridge [massachusetts] :  |b Harvard University Press,  |c 1961 
300 |a 453 p. 
500 |a With An English Translation By Edwin L. Minar Texto en inglés y griego 
505 0 |a 697 C - 771 E 
653 |a Miscelanea griega 
859 |a AR-BHAM  |b BIB. HUMANIDADES - General  |h 888  |i P746-3  |p 501.65  |t Ej.1  |v IX  |3 IX